Cómo estudiar al niño en la escuela

Uloženo v:
Podrobná bibliografie
Hlavní autor: Gordon, Ira J (Autor)
Médium: Kniha
Jazyk:španělština
Vydáno: Buenos Aires Paidós 1978
Vydání:1a. ed
Edice:Biblioteca de Psicopedagogía Paidós, 5
Témata:
Tagy: Přidat tag
Žádné tagy, Buďte první, kdo vytvoří štítek k tomuto záznamu!

MARC

LEADER 00000nam a2200000 a 4500
001 UCY7957
003 CL-VaPUC
008 950623e19780000AG |||||||||||||||||spa|d
082 0 4 |a 370.15  |b GOR  |2 21 
100 |a Gordon, Ira J  |e author  |9 338937 
245 1 0 |a Cómo estudiar al niño en la escuela 
250 |a 1a. ed 
300 |a 163 p 
942 |c BK 
945 |d 19950623 00:00:00  |a mfernand 
260 |a Buenos Aires  |b Paidós  |c 1978 
650 0 |a Psicología educacional   |9 307830 
650 0 |a Niños  |9 255605 
650 7 |a OBSERVACION  |2 CL-VaPUC  |9 336333 
650 7 |a TESTS DE PERSONALIDAD  |2 CL-VaPUC  |9 312849 
650 0 |a Sociometría  |9 271452 
650 0 |a Psicología del niño  |9 307305 
650 0 |a Estudio de casos   |9 257099 
583 |a last modification  |c 20180306 10:09:38  |k Rodrigo Vera 
490 0 |a Biblioteca de Psicopedagogía Paidós, 5 
999 |c 235250  |d 235248 
952 |0 0  |1 0  |4 0  |6 370_150000000000000_GOR_1978  |7 0  |8 P  |9 242530  |a BIBEDU  |b BIBEDU  |c BIBEDU_PB  |d 2019-11-18  |i 152335K  |o 370.15 GOR 1978  |p 152335K  |r 2024-01-25  |w 2019-11-18  |y BK  |k EDU 
952 |0 0  |1 0  |4 0  |6 370_150000000000000_GOR_1978  |7 0  |8 P  |9 242531  |a BIBEDU  |b BIBEDU  |c BIBEDU_PB  |d 2019-11-18  |i 4679059  |o 370.15 GOR 1978  |p 4679059  |r 2024-01-25  |w 2019-11-18  |y BK  |k EDI